000 00830pab a2200181 454500
008 180718b2004 xxu||||| |||| 00| 0 eng d
100 _aNandini Sundar
245 _aTeaching to hate: RSS' pedagogical programme
260 _c2004
300 _ap.1605-611.
362 _a17 Apr
520 _aThe RSS/BJP has attempted to effect a radical departure in the existing educational ethos through the use of both state power and the instruments of `civil society'. This article looks at schooling as part of the RSS agenda to create certain notions of citizenship and identity, first examining the textbook debate and then through ethnographic fieldwork in RSS schools in Chattisgarh. - Reproduced.
650 _aSchools
650 _aEducation
650 _aTeaching
773 _aEconomic and Political Weekly
909 _a60387
999 _c60387
_d60387